Search the Library Catalogue
| 000 -LEADER | |
|---|---|
| fixed length control field | 00590nam a2200205Ia 4500 |
| 008 - FIXED-LENGTH DATA ELEMENTS--GENERAL INFORMATION | |
| fixed length control field | 191130s2003##################000#0#eng## |
| 020 ## - INTERNATIONAL STANDARD BOOK NUMBER | |
| ISBN | 9781580420778 |
| 082 ## - DEWEY DECIMAL CLASSIFICATION NUMBER | |
| Classification number | 795.515 ROB |
| 100 ## - MAIN ENTRY--AUTHOR NAME | |
| Personal name | Robertie, Bill |
| 245 ## - TITLE STATEMENT | |
| Title | Backgammon for serious players : strategies from the world champion! |
| Statement of responsibility, etc | Bill Robertie |
| 250 ## - EDITION STATEMENT | |
| Edition statement | 2nd ed |
| 260 ## - PUBLICATION, DISTRIBUTION, ETC. (IMPRINT) | |
| Place of publication | Brooklyn, NY |
| Name of publisher | Cardoza Publishing |
| Year of publication | 2003 |
| 300 ## - PHYSICAL DESCRIPTION | |
| Number of Pages | 256 p. : ill. ; 23 cm. |
| 650 ## - SUBJECT ADDED ENTRY--TOPICAL TERM | |
| Topical Term | Backgammon |
| 991 ## - | |
| -- | 328433 |
| Withdrawn status | Lost status | Damaged status | Not for loan | Home library | Current library | Shelving location | Date acquired | Full call number | Accession Number | Price effective from | Koha item type |
|---|---|---|---|---|---|---|---|---|---|---|---|
| Anna Centenary Library | Anna Centenary Library | 6TH FLOOR, B WING | 17.10.2020 | 795.515 ROB | 456948 | 17.10.2020 | English Books |